000 01375nam a2200409 a 4500
003 BLK
005 20230725161300.0
008 180408b bul|||||r ||||||| ||bul||
010 _aKNG00080239000
020 _a978-954-739-982-2
040 _aBLK
041 _aBUL
_cBUL
080 _aБългарска литература
_b821.163.2
_x-22
_z821.163.2-22
100 1 _aКостов, Стефан Лазаров
_983131
_d1879 – 1939
_qСтефан Лазаров Костов
139 _aКостов, Стефан Лазаров
_bК 86
245 1 0 _aГолеманов
_cСтефан Костов.
257 _aBGR
260 _bЗахарий Стоянов
_c2007
_fСофия : Образование и наука
_aСофия
300 _a576 с.
_c20 см
380 _aX
490 _aПоредица Българска класика
_v110
_9201304
500 _aОфс. изд.
505 _tМъжемразка
505 _tЗлатната мина
505 _tГолеманов
505 _tНовото пристанище
505 _tВражалец
505 _tЖенско царство
852 _aЦб 237551
856 4 _qpdf
856 4 _qpdf
942 _cKNG
_n0
_09
_s1
944 _aCR
_c21.12.2007
_k30556
_lТеодора Пейчева-Дянкова
944 _aED
_c21.05.2008
999 _c75817
_d75817
999 _d75817
999 _d75817